00317 a2200133 4500003000400000005001700004008004100021040000900062082001500071100001500086245003900101260003500140300000800175OSt20240111110003.0240111b |||||||| |||| 00| 0 eng d coclc a297bAKB/S aAkbar, M M aSamadanathinte doodan /cM M Akbar aKerala:bNiche of truth,c2014 a66p